| 000 | 01116cam a2200289 a 4500 | ||
|---|---|---|---|
| 999 |
_c17925 _d17923 |
||
| 003 | OSt | ||
| 005 | 20211209121232.0 | ||
| 008 | 961231s1997 nyu 000 0 eng | ||
| 020 | _a0486296040 (pbk.) | ||
| 040 | _cDDC | ||
| 082 | 0 | 0 | _a811.008'0896073 |
| 245 | 0 | 0 |
_aAfrican-American poetry : _ban anthology, 1773-1927 / _cedited by Joan R. Sherman. |
| 260 |
_aMineola, N.Y. : _bDover Publications, _cc1997. |
||
| 300 |
_aix, 82 p. ; _c21 cm. |
||
| 440 | 0 | _aDover thrift editions | |
| 650 | 0 |
_aAmerican poetry _xAfrican American authors. |
|
| 650 | 0 |
_aAfrican Americans _vPoetry. |
|
| 700 | 1 | _aSherman, Joan R. | |
| 856 | 4 | 2 |
_3Publisher description _uhttp://www.loc.gov/catdir/description/dover032/96054873.html |
| 906 |
_a7 _bcbc _corignew _d1 _eocip _f19 _gy-gencatlg |
||
| 942 |
_2ddc _cCIRC |
||